000 00590nam a2200253Ia 4500
001 AUWbook001477
003 BDCtgAUW
005 20260406155036.0
008 220908s9999 xx 000 0 eng d
020 _a0674539095
040 _aBDCtgAUW
_cBDCtgAUW
050 _aAC8.D97
100 1 _aDyson, Freeman.
245 0 _aImagined worlds.
260 _aNew York :
_bHarvard University Press,
300 _a216 pages.
650 0 _aCollected Works.
650 0 _aCollection.
650 0 _aSeries.
887 _a BRAC
_22982
888 _22982
942 _cBK
_00
_2lcc
945 _cBK
999 _c17325
_d17325